000 00526nam a22001697a 4500
005 20180808142259.0
008 100930t xxu||||| |||| 00| 0 eng d
020 _a7009700224
035 _a819287,A-819025
082 _aS
100 _aKipling,Rudyard
_922543
245 _aGreat illustarted classics :
_cby Rudyard Kipling; Illustrated by Ken Landgraf
_bCaptains courageous /
260 _aNew York
_bBaronet Books
_cn.d
300 _a238p.
_c20cm (Hb)
_bill.
700 _a Landgraf,Ken
_922544
942 _2ddc
_cCH
_hS
_mKIP
999 _c48078
_d48078